[Event "2ème Open International de Haute-Bretag"]
[Site "Rennes"]
[Date "2009.07.17"]
[Round "5.8"]
[White "Okhotnik, Vladimir"]
[Black "Dubessay, Bastien"]
[Result "1/2-1/2"]
[WhiteElo "2449"]
[BlackElo "2168"]
[PlyCount "149"]
[EventDate "2009.08.21"]
[EventType "swiss"]
[EventRounds "9"]
[EventCountry "FRA"]

1. e4 c5 2. c3 d5 3. exd5 Qxd5 4. d4 Nf6 5. Nf3 e6 6. Na3 Qd8 7. Nc2 Be7 8. Bd3
O-O 9. O-O b6 10. Qe2 Bb7 11. dxc5 Bxc5 12. Bg5 Nbd7 13. Rad1 Qc7 14. Bh4 Bd6
15. Bg3 Bxg3 16. hxg3 Nc5 17. Bc4 Rad8 18. Ncd4 a6 19. a3 b5 20. Ba2 Nce4 21.
Bb1 Bd5 22. Rfe1 Rfe8 23. Nd2 Nd6 24. Qe5 Qb7 25. f3 Nc4 26. Nxc4 bxc4 27. Re2
Nd7 28. Qh5 g6 29. Qh4 Nc5 30. Kh2 Rb8 31. f4 f5 32. g4 Nd3 33. gxf5 exf5 34.
Bxd3 cxd3 35. Rxd3 Rxe2 36. Nxe2 Bxg2 37. Qf2 Be4 38. Rd2 Qc7 39. Ng3 Re8 40.
Re2 Qc4 41. Qd4 Qxd4 42. cxd4 Kf7 43. Kg1 h5 44. Re3 Bd5 45. Rxe8 Kxe8 46. Kh2
Ke7 47. Kh3 Bc4 48. Kh4 Kd6 49. Kg5 Kd5 50. Kxg6 h4 51. Nh1 Kxd4 52. Kxf5 Ke3
53. b4 Kf3 54. Kg5 h3 55. f5 h2 56. Kh4 Kf4 57. Ng3 h1=Q+ 58. Nxh1 Kxf5 59. Kg3
Ke4 60. Nf2+ Kd4 61. Kf4 Kc3 62. Ke3 Kb3 63. Kd4 Bb5 64. Kc5 Kxa3 65. Ne4 Kb3
66. Nd6 Bf1 67. Nb7 Ka4 68. Na5 Bb5 69. Nc4 Bxc4 70. Kxc4 Ka3 71. Kc3 Ka4 72.
Kc4 Ka3 73. Kc5 Kb3 74. b5 axb5 75. Kxb5 1/2-1/2

[Event "2ème Open International de Haute-Bretag"]
[Site "Rennes"]
[Date "2009.07.17"]
[Round "5.11"]
[White "Piankov, Evgenij"]
[Black "Suez Panama, Gilles"]
[Result "1-0"]
[WhiteElo "2356"]
[BlackElo "2122"]
[PlyCount "93"]
[EventDate "2009.08.21"]
[EventType "swiss"]
[EventRounds "9"]
[EventCountry "FRA"]

1. d4 Nf6 2. c3 g6 3. Bg5 Bg7 4. Nd2 d5 5. e3 O-O 6. Bd3 c5 7. b4 cxb4 8. cxb4
Qd6 9. Rb1 Nc6 10. a3 e5 11. b5 Na5 12. Qa4 b6 13. Qb4 Qe6 14. dxe5 Ng4 15.
Ngf3 Nxe5 16. Be2 Qf5 17. O-O Bb7 18. Bf4 Nd3 19. Bxd3 Qxd3 20. Rfd1 Rac8 21.
Nd4 Qc3 22. N2f3 Rfe8 23. Bd6 Rc4 24. Qxc3 Rxc3 25. Bb4 Rcc8 26. Rbc1 Nc4 27.
Rc2 Ne5 28. Nxe5 Rxc2 29. Nxc2 Bxe5 30. f4 Bf6 31. Kf2 Rc8 32. Nd4 a5 33. bxa6
Bxa6 34. Rd2 h5 35. Nf3 Bb7 36. Ne5 Kg7 37. Nd7 Bd8 38. Ne5 f6 39. Nf3 Kf7 40.
h3 Rc4 41. Nd4 Ba6 42. g4 Bc7 43. gxh5 gxh5 44. Kg3 Rc1 45. Ne2 Re1 46. Rc2 Bd8
47. Bxe1 1-0

[Event "2ème Open International de Haute-Bretag"]
[Site "Rennes"]
[Date "2009.07.17"]
[Round "5.12"]
[White "Andonov, Bogomil"]
[Black "Jouneau, Quentin"]
[Result "1-0"]
[WhiteElo "2311"]
[BlackElo "2007"]
[PlyCount "47"]
[EventDate "2009.08.21"]
[EventType "swiss"]
[EventRounds "9"]
[EventCountry "FRA"]

1. Nf3 Nf6 2. c4 c6 3. d4 d5 4. cxd5 cxd5 5. Nc3 Nc6 6. Bf4 a6 7. Rc1 Bf5 8. e3
e6 9. Be2 Be7 10. Qb3 Na5 11. Qa4+ Nc6 12. Ne5 Qb6 13. Nxc6 bxc6 14. a3 O-O 15.
b4 Rfc8 16. O-O Ne8 17. Qb3 Bd6 18. Bxd6 Nxd6 19. Na4 Qb8 20. Qc3 a5 21. bxa5
Nc4 22. Qb4 Qc7 23. Nb6 Rcb8 24. Nxa8 1-0

[Event "2ème Open International de Haute-Bretag"]
[Site "Rennes"]
[Date "2009.07.17"]
[Round "5.13"]
[White "Le Marec, Simon"]
[Black "Dobrev, Nanko"]
[Result "0-1"]
[WhiteElo "2064"]
[BlackElo "2352"]
[PlyCount "72"]
[EventDate "2009.08.21"]
[EventType "swiss"]
[EventRounds "9"]
[EventCountry "FRA"]

1. d4 c5 2. d5 b5 3. a4 b4 4. e4 d6 5. Bb5+ Bd7 6. Nd2 g6 7. Nc4 Bg7 8. Bg5 Nf6
9. Qd3 O-O 10. Bxd7 Nbxd7 11. Nf3 Qc7 12. h3 h6 13. Bf4 Nb6 14. Nfd2 Nfd7 15.
O-O Kh7 16. b3 Bxa1 17. Rxa1 Nxc4 18. Nxc4 Ne5 19. Bxe5 dxe5 20. Qg3 f5 21.
exf5 Rxf5 22. Re1 Raf8 23. Nxe5 Qd6 24. Qe3 h5 25. Nd3 R8f7 26. Ne5 R7f6 27.
Nd3 Qxd5 28. Qxe7+ Rf7 29. Qe4 a5 30. Qxd5 Rxd5 31. Re4 Rd4 32. Re5 c4 33. bxc4
b3 34. Kf1 bxc2 35. Nc1 Rd1+ 36. Re1 Re7 0-1

[Event "2ème Open International de Haute-Bretag"]
[Site "Rennes"]
[Date "2009.07.17"]
[Round "5.14"]
[White "Rachid, Danial"]
[Black "Mandon, Fabrice"]
[Result "0-1"]
[WhiteElo "1910"]
[BlackElo "2251"]
[PlyCount "73"]
[EventDate "2009.08.21"]
[EventType "swiss"]
[EventRounds "9"]
[EventCountry "FRA"]

1. e4 c5 2. Nc3 Nc6 3. Bb5 g6 4. Bxc6 bxc6 5. f4 Bg7 6. Nf3 Nh6 7. O-O O-O 8.
d3 Rb8 9. e5 d5 10. Na4 Qa5 11. b3 c4 12. Bd2 Qc7 13. Nc5 Bg4 14. Be3 Rbd8 15.
d4 Qc8 16. Qd2 f6 17. h3 Bxf3 18. Rxf3 fxe5 19. dxe5 g5 20. g4 Bxe5 21. Raf1
gxf4 22. Bxf4 Nf7 23. Qe2 Bd4+ 24. Be3 Bg7 25. bxc4 e5 26. Bc1 e4 27. Nxe4 dxe4
28. Qxe4 Rde8 29. Qd3 Ne5 30. Rxf8+ Rxf8 31. Qe4 Rxf1+ 32. Kxf1 Qe6 33. Kg2
Qxc4 34. Qf5 Qd5+ 35. Kg3 Nd7 36. Qxd5+ cxd5 37. Kf4 0-1

[Event "2ème Open International de Haute-Bretag"]
[Site "Rennes"]
[Date "2009.07.17"]
[Round "5.15"]
[White "Fomichenko, Svetlana"]
[Black "Purenne, Benoit"]
[Result "1-0"]
[WhiteElo "2245"]
[BlackElo "1885"]
[PlyCount "57"]
[EventDate "2009.08.21"]
[EventType "swiss"]
[EventRounds "9"]
[EventCountry "FRA"]

1. e4 c5 2. Nf3 e6 3. d4 cxd4 4. Nxd4 a6 5. Bd3 Bc5 6. Nb3 Ba7 7. O-O Nc6 8.
Nc3 d6 9. Bf4 b5 10. Qd2 Nf6 11. a4 b4 12. Na2 e5 13. Bg5 h6 14. Bxf6 Qxf6 15.
Nxb4 Nxb4 16. Qxb4 O-O 17. Kh1 Re8 18. Bc4 Rb8 19. Qd2 Bb7 20. Qe2 Qg6 21. f3
Rbd8 22. Bxa6 Bxa6 23. Qxa6 Be3 24. Qe2 Bf4 25. g3 Bg5 26. Rfd1 h5 27. a5 Re6
28. a6 h4 29. g4 1-0

[Event "2ème Open International de Haute-Bretag"]
[Site "Rennes"]
[Date "2009.07.17"]
[Round "5.16"]
[White "Djendeb, Mohand"]
[Black "Crouan, Stephane"]
[Result "0-1"]
[WhiteElo "1845"]
[BlackElo "2234"]
[PlyCount "130"]
[EventDate "2009.08.21"]
[EventType "swiss"]
[EventRounds "9"]
[EventCountry "FRA"]

1. e4 c5 2. c3 d5 3. exd5 Qxd5 4. d4 g6 5. Nf3 Bg7 6. Be2 Nf6 7. dxc5 Qxc5 8.
Be3 Qc7 9. O-O O-O 10. Na3 Nc6 11. Nb5 Qb8 12. Qc1 Ng4 13. Bf4 e5 14. Bg3 Nh6
15. Nbd4 f6 16. Nxc6 bxc6 17. Bc4+ Kh8 18. Nd4 Qd6 19. Bb3 Bd7 20. Rd1 Qe7 21.
Nc2 Nf5 22. Ne3 Nxg3 23. hxg3 Rab8 24. Qd2 Rfd8 25. Qd6 Bf8 26. Qc7 Be8 27.
Qxe7 Bxe7 28. Rxd8 Rxd8 29. Rd1 Kg7 30. Rxd8 Bxd8 31. Kf1 f5 32. Ke2 Kf6 33.
Nc4 Bc7 34. Ke3 g5 35. Nd2 Bb6+ 36. Ke2 h5 37. Nc4 Bc7 38. Ne3 Bd7 39. Bd1 e4
40. Ba4 Ke7 41. Bb3 f4 42. gxf4 gxf4 43. Nf1 Bf5 44. Bc4 h4 45. Ke1 Kf6 46. Bb3
Bb6 47. Bc2 Ke5 48. Nd2 Bxf2+ 49. Ke2 Bg3 50. Nc4+ Kf6 51. Nd2 f3+ 52. gxf3
exf3+ 53. Kd1 Bxc2+ 54. Kxc2 f2 55. Kd3 Kf5 56. Ke2 Kf4 57. Nf1 h3 58. b4 h2
59. Nxh2 Bxh2 60. Kxf2 Ke4 61. Ke2 Bf4 62. a4 a6 63. c4 Kd4 64. b5 cxb5 65.
cxb5 a5 0-1

[Event "2ème Open International de Haute-Bretag"]
[Site "Rennes"]
[Date "2009.07.17"]
[Round "5.17"]
[White "Theon, Pierre"]
[Black "Assedo, Johaquim"]
[Result "1/2-1/2"]
[WhiteElo "2121"]
[BlackElo "1823"]
[PlyCount "72"]
[EventDate "2009.08.21"]
[EventType "swiss"]
[EventRounds "9"]
[EventCountry "FRA"]

1. d4 Nf6 2. Bg5 g6 3. Nc3 d5 4. Bxf6 exf6 5. e3 Bg7 6. h4 f5 7. h5 Be6 8. Nge2
Nd7 9. Nf4 Nb6 10. g4 Qg5 11. gxf5 Bxf5 12. Bd3 O-O-O 13. Bxf5+ Qxf5 14. Qd3
Qxd3 15. cxd3 Rhe8 16. Kd2 g5 17. Nfe2 f5 18. h6 Bf8 19. Rag1 Be7 20. f4 Rg8
21. Rh5 gxf4 22. exf4 Rxg1 23. Nxg1 Rf8 24. Nf3 Kd7 25. Ne2 Ke6 26. Ng5+ Bxg5
27. Rxg5 Nc8 28. Ng3 Ne7 29. Nh5 Rg8 30. Ng7+ Kf6 31. Ke3 c6 32. a3 b6 33. b4
a6 34. Kf3 b5 35. Ke3 Rf8 36. Kf3 Rg8 1/2-1/2

[Event "2ème Open International de Haute-Bretag"]
[Site "Rennes"]
[Date "2009.07.17"]
[Round "5.18"]
[White "Ruhlmann, Helene"]
[Black "Allorant, Adrien"]
[Result "0-1"]
[WhiteElo "1720"]
[BlackElo "2072"]
[PlyCount "86"]
[EventDate "2009.08.21"]
[EventType "swiss"]
[EventRounds "9"]
[EventCountry "FRA"]

1. e4 c5 2. Nf3 g6 3. d4 cxd4 4. Nxd4 Nc6 5. Be2 Bg7 6. Be3 Nf6 7. Nc3 O-O 8.
O-O d5 9. exd5 Nxd5 10. Nxd5 Qxd5 11. Bf3 Qa5 12. Nxc6 bxc6 13. c3 Rb8 14. Qc1
c5 15. Re1 c4 16. Be4 e5 17. Rd1 Be6 18. b3 f5 19. Bc2 Qc7 20. b4 Rfd8 21. Qa3
Ra8 22. Rxd8+ Qxd8 23. Rd1 Qc7 24. Bc5 Bf8 25. Qa6 Kf7 26. Bd6 Qb6 27. Qxb6
axb6 28. a4 Bg7 29. Rc1 Ra7 30. Kf1 e4 31. Bd1 Rd7 32. Bf4 Rd3 33. Be3 Bxc3 34.
Be2 Bxb4 35. Bxd3 exd3 36. Rd1 c3 37. Rxd3 Bc4 38. Ke2 Ke6 39. Bc1 f4 40. f3 g5
41. g3 Ke5 42. g4 h6 43. h3 Kf6 0-1

[Event "2ème Open International de Haute-Bretag"]
[Site "Rennes"]
[Date "2009.07.17"]
[Round "5.19"]
[White "Caillot, Arnaud"]
[Black "Le Gallo, Frederic"]
[Result "1-0"]
[WhiteElo "1698"]
[BlackElo "2041"]
[PlyCount "59"]
[EventDate "2009.08.21"]
[EventType "swiss"]
[EventRounds "9"]
[EventCountry "FRA"]

1. d4 Nf6 2. c4 g6 3. Nc3 d5 4. cxd5 Nxd5 5. e4 Nxc3 6. bxc3 Bg7 7. Nf3 c5 8.
Rb1 O-O 9. Be2 Nc6 10. d5 Bxc3+ 11. Bd2 Bxd2+ 12. Qxd2 Nb8 13. h4 h5 14. Qh6
Qa5+ 15. Kf1 Qxa2 16. Re1 Qb2 17. e5 f6 18. Qxg6+ Kh8 19. e6 f5 20. Ng5 Qg7 21.
Qxh5+ Kg8 22. Rh3 Rf6 23. Rg3 Rg6 24. Bd3 Qh6 25. Qxh6 Rxh6 26. Nf7+ Kh7 27.
Bxf5+ Rg6 28. Rxg6 b5 29. Re3 Bb7 30. Reg3 1-0

[Event "2ème Open International de Haute-Bretag"]
[Site "Rennes"]
[Date "2009.07.17"]
[Round "5.20"]
[White "Mocquard, Yves"]
[Black "Legras, Sebastien"]
[Result "0-1"]
[WhiteElo "2030"]
[BlackElo "1700"]
[PlyCount "56"]
[EventDate "2009.08.21"]
[EventType "swiss"]
[EventRounds "9"]
[EventCountry "FRA"]

1. d4 Nf6 2. c4 c5 3. d5 e6 4. Nc3 exd5 5. cxd5 d6 6. e4 g6 7. f4 Bg7 8. Bb5+
Nfd7 9. a4 Qh4+ 10. g3 Qd8 11. Nf3 O-O 12. O-O a6 13. Bc4 Nb6 14. Be2 Bh3 15.
Re1 Bg4 16. Kg2 Re8 17. h3 Bxf3+ 18. Bxf3 N8d7 19. a5 Nc4 20. Qa4 b5 21. axb6
Ncxb6 22. Qc6 Nb8 23. Qxe8+ Qxe8 24. e5 N8d7 25. e6 f5 26. Be2 Nf6 27. Rxa6
Rxa6 28. Bxa6 Nfxd5 0-1

[Event "2ème Open International de Haute-Bretag"]
[Site "Rennes"]
[Date "2009.07.18"]
[Round "5.31"]
[White "Aubry, Yannis"]
[Black "Le Goff, Thierry"]
[Result "1-0"]
[WhiteElo "1954"]
[BlackElo "1798"]
[PlyCount "36"]
[EventDate "2009.08.21"]
[EventType "swiss"]
[EventRounds "9"]
[EventCountry "FRA"]

1. e4 e6 2. d4 d5 3. Nd2 dxe4 4. Nxe4 Nf6 5. Bg5 Be7 6. Bxf6 Bxf6 7. Nf3 Nd7 8.
Bd3 b6 9. Bb5 Bb7 10. Nxf6+ gxf6 11. O-O Qe7 12. Qe2 Rd8 13. Rad1 Rg8 14. Rfe1
Qd6 15. d5 Bxd5 16. c4 Bxf3 17. Qxf3 Qe7 18. Rxd7 Rxd7 1-0

[Event "2ème Open International de Haute-Bretag"]
[Site "Rennes"]
[Date "2009.07.18"]
[Round "5.34"]
[White "Geffroy, Leo"]
[Black "Duquesnoy, Bruno"]
[Result "1-0"]
[WhiteElo "1662"]
[BlackElo "1900"]
[PlyCount "93"]
[EventDate "2009.08.21"]
[EventType "swiss"]
[EventRounds "9"]
[EventCountry "FRA"]

1. e4 e6 2. d4 d5 3. e5 c5 4. c3 Nc6 5. Nf3 Qb6 6. Bd3 cxd4 7. cxd4 Bd7 8. O-O
Nb4 9. Nc3 Nxd3 10. Qxd3 Ne7 11. b3 Nf5 12. g4 Ne7 13. Ba3 Nc6 14. Bxf8 Kxf8
15. Rac1 Nb4 16. Qd2 h6 17. Nh4 Ke7 18. f4 Nc6 19. Rcd1 Rag8 20. f5 Nxe5 21.
Qe2 Qa5 22. Qxe5 Qxc3 23. f6+ gxf6 24. Qxf6+ Ke8 25. Qxf7+ Kd8 26. Qf6+ Ke8 27.
Qf7+ Kd8 28. Ng6 Qe3+ 29. Rf2 Be8 30. Qf6+ Kd7 31. Nxh8 Rxg4+ 32. Kh1 Qe4+ 33.
Qf3 Qxf3+ 34. Rxf3 Rg8 35. Nf7 Ke7 36. Ne5 Bh5 37. Rdf1 Bxf3+ 38. Rxf3 Rg7 39.
Rg3 Rh7 40. Rg6 Kd6 41. Kg2 h5 42. Rg8 a6 43. Kf3 Rc7 44. Rh8 Rc3+ 45. Ke2 Rc2+
46. Kd3 Rxh2 47. Rh7 1-0

[Event "2ème Open International de Haute-Bretag"]
[Site "Rennes"]
[Date "2009.??.??"]
[Round "5.22"]
[White "Panaget, Bruno"]
[Black "Schmouchkovitch, Michel"]
[Result "0-1"]
[WhiteElo "1499"]
[BlackElo "1996"]
[PlyCount "84"]
[EventDate "2009.08.21"]
[EventType "swiss"]
[EventRounds "9"]
[EventCountry "FRA"]

1. d3 d5 2. Nf3 c5 3. g3 Nc6 4. Bg2 g6 5. O-O Bg7 6. Nbd2 e6 7. e4 Nge7 8. Re1
O-O 9. c3 Qc7 10. Qe2 dxe4 11. dxe4 e5 12. Nc4 b6 13. Ne3 Rd8 14. Bd2 a5 15. b3
Ba6 16. c4 Nd4 17. Qd1 Qd6 18. Nd5 h6 19. Qc1 Kh7 20. Rb1 Bc8 21. h4 Nxd5 22.
Nxd4 Nb4 23. Bxb4 axb4 24. Nb5 Qc6 25. a4 h5 26. Qg5 f6 27. Qe3 Bh6 28. Qe2 Rd2
29. Qf1 Bg4 30. f3 Be6 31. Rbd1 Rad8 32. Rxd2 Rxd2 33. Rd1 Be3+ 34. Kh2 Rxd1
35. Qxd1 Bd4 36. Qd3 Qd7 37. Bf1 Kg7 38. Kh1 f5 39. Nxd4 Qxd4 40. Kg2 fxe4 41.
Qxe4 Qxe4 42. fxe4 Bg4 0-1

[Event "2ème Open International de Haute-Bretag"]
[Site "Rennes"]
[Date "2009.??.??"]
[Round "5.23"]
[White "Dupitier, Mickael"]
[Black "Pecot, Matthias"]
[Result "1-0"]
[WhiteElo "1864"]
[BlackElo "1930"]
[PlyCount "115"]
[EventDate "2009.08.21"]
[EventType "swiss"]
[EventRounds "9"]
[EventCountry "FRA"]

1. d4 Nf6 2. c4 g6 3. Nc3 Bg7 4. e4 d6 5. f3 O-O 6. Be3 Nc6 7. Qd2 e5 8. d5 Ne7
9. O-O-O Nd7 10. g4 a5 11. h4 f5 12. gxf5 gxf5 13. Bd3 f4 14. Bf2 Kh8 15. Nge2
b6 16. a4 Bf6 17. Nb5 Ng6 18. Qe1 h5 19. Nec3 Nb8 20. b3 Na6 21. Kb2 Kh7 22.
Be2 Bd7 23. Rd2 Rf7 24. Rd1 Rg7 25. Rd2 Rb8 26. Rd1 Qe7 27. Rd2 Kh6 28. Rd1 Rc8
29. Rd2 Rcg8 30. Bf1 Bc8 31. Rd1 Nf8 32. Rd2 Kg6 33. Rd1 Kf7 34. Rd2 Ke8 35.
Rd1 Nb4 36. Rd2 Ng6 37. Rd1 Kd8 38. Rd2 Bd7 39. Rd1 Kc8 40. Rd2 Kd8 41. Rd1 Kc8
42. Rd2 Kb7 43. Rd1 Nh8 44. Na2 Na6 45. b4 axb4 46. Nxb4 Ra8 47. Ra1 Nc5 48. a5
bxa5 49. Nc6 Bxc6 50. dxc6+ Kb6 51. Nc3 Qf7 52. Nd5+ Kxc6 53. Rxa5 Rb8+ 54. Kc2
Bd8 55. Bh3 Ng6 56. Qa1 Ne6 57. Qa4+ Kb7 58. Rb1+ 1-0

[Event "2ème Open International de Haute-Bretag"]
[Site "Rennes"]
[Date "2009.??.??"]
[Round "5.24"]
[White "Pascot, Jean"]
[Black "Sanvoisin, Corentin"]
[Result "0-1"]
[WhiteElo "1914"]
[BlackElo "1855"]
[PlyCount "68"]
[EventDate "2009.08.21"]
[EventType "swiss"]
[EventRounds "9"]
[EventCountry "FRA"]

1. e4 c5 2. c3 Nf6 3. e5 Nd5 4. d4 cxd4 5. Bc4 Nb6 6. Bb3 d5 7. Nf3 dxc3 8.
Nxc3 e6 9. O-O Be7 10. Bf4 O-O 11. Rc1 Nc6 12. Qe2 Bd7 13. Rfd1 Rc8 14. Bc2 Nb4
15. Bb1 Re8 16. Nd4 a6 17. a3 Nc6 18. Nxc6 Rxc6 19. Rd3 f5 20. exf6 Bxf6 21.
Rh3 g6 22. Rxh7 Kxh7 23. Qh5+ Kg8 24. Qxg6+ Bg7 25. Bg5 Re7 26. Rd1 e5 27. Qh7+
Kf8 28. Rd3 e4 29. Rg3 Qe8 30. Be3 Be6 31. Bh6 Rcc7 32. Nxe4 dxe4 33. Qxe4 Bxh6
34. Rf3+ Bf7 0-1

[Event "2ème Open International de Haute-Bretag"]
[Site "Rennes"]
[Date "2009.??.??"]
[Round "5.25"]
[White "Heyman, Jacques"]
[Black "Ferrandi, Bernard"]
[Result "1/2-1/2"]
[WhiteElo "1855"]
[BlackElo "1912"]
[PlyCount "41"]
[EventDate "2009.08.21"]
[EventType "swiss"]
[EventRounds "9"]
[EventCountry "FRA"]

1. d4 f5 2. Bg5 g6 3. g3 Bg7 4. c3 c6 5. Bg2 d6 6. Qc2 Nf6 7. Nd2 Qc7 8. Ngf3
O-O 9. O-O h6 10. Bxf6 Bxf6 11. e4 Bg7 12. Nh4 Kh7 13. f4 e6 14. Nhf3 b6 15.
Kh1 Na6 16. Rfe1 c5 17. e5 d5 18. Rac1 c4 19. Nf1 Qe7 20. N1d2 Bd7 21. Nf1
1/2-1/2

[Event "2ème Open International de Haute-Bretag"]
[Site "Rennes"]
[Date "2009.??.??"]
[Round "5.26"]
[White "Taube, Gregor"]
[Black "Mercier, Jean Loup"]
[Result "1-0"]
[WhiteElo "1835"]
[BlackElo "1875"]
[PlyCount "91"]
[EventDate "2009.08.21"]
[EventType "swiss"]
[EventRounds "9"]
[EventCountry "FRA"]

1. e4 c5 2. Nf3 d6 3. d4 cxd4 4. Nxd4 Nf6 5. Nc3 a6 6. Bg5 e6 7. f4 h6 8. Bh4
Nbd7 9. Qf3 Qc7 10. O-O-O Be7 11. Qg3 Rg8 12. f5 e5 13. Nb3 b5 14. Nd5 Nxd5 15.
exd5 Nf6 16. Bxf6 Bxf6 17. Bd3 Qb6 18. Nd2 Bb7 19. Rhe1 Ke7 20. Qf3 Rgc8 21. g4
Rc5 22. Kb1 a5 23. Qf2 Bxd5 24. Be4 Bxe4 25. Nxe4 Rc6 26. Qg3 Rac8 27. h4 Ke8
28. g5 hxg5 29. hxg5 Be7 30. f6 gxf6 31. gxf6 Bf8 32. Qg8 Rd8 33. Ng5 Rc7 34.
Nh7 Kd7 35. Qg4+ Kc6 36. Nxf8 Rxf8 37. Qe4+ Kd7 38. Qxe5 Kc8 39. Rxd6 Qf2 40.
Qe4 Kb8 41. Ra6 Rb7 42. Qe5+ Rc7 43. Qxb5+ Rb7 44. Re8+ Rxe8 45. Qxe8+ Kc7 46.
Rc6# 1-0

[Event "2ème Open International de Haute-Bretag"]
[Site "Rennes"]
[Date "2009.??.??"]
[Round "5.27"]
[White "Collet, Davy"]
[Black "Graton, Tanguy"]
[Result "0-1"]
[WhiteElo "1819"]
[BlackElo "1870"]
[PlyCount "118"]
[EventDate "2009.08.21"]
[EventType "swiss"]
[EventRounds "9"]
[EventCountry "FRA"]

1. d4 e6 2. Nf3 Nf6 3. e3 b6 4. Bd3 Bb7 5. Nbd2 d5 6. O-O Bd6 7. Ne5 O-O 8. b3
c5 9. Bb2 Qc7 10. f4 Nc6 11. a3 Ne7 12. Qe2 Nf5 13. g4 Nh4 14. Qf2 Ng6 15. g5
Ne4 16. Bxe4 dxe4 17. Ndc4 cxd4 18. Bxd4 Ba6 19. Rad1 Bxc4 20. Nxc4 Bc5 21.
Bxc5 Qxc5 22. Nd6 Rfd8 23. Nxe4 Rxd1 24. Rxd1 Qxa3 25. h4 Ne7 26. Qg2 Nd5 27.
Nf6+ Kf8 28. Nxd5 exd5 29. Qxd5 Rc8 30. c4 Qe7 31. Qd6 Qxd6 32. Rxd6 Ke7 33.
Rd5 g6 34. Kf2 Rc7 35. Kf3 f5 36. gxf6+ Kxf6 37. h5 Re7 38. e4 Rc7 39. Kg4
gxh5+ 40. Rxh5 Rg7+ 41. Kf3 Rd7 42. e5+ Kg6 43. Rg5+ Kf7 44. Rf5+ Ke7 45. Rh5
Kf8 46. Ke4 Kg7 47. e6 Rd1 48. Re5 Kf6 49. e7 Re1+ 50. Kf3 Rxe5 51. fxe5+ Kxe7
52. b4 Ke6 53. Kf4 h5 54. c5 bxc5 55. bxc5 h4 56. c6 h3 57. Kg3 a5 58. Kxh3 a4
59. c7 Kd7 0-1

[Event "2ème Open International de Haute-Bretag"]
[Site "Rennes"]
[Date "2009.??.??"]
[Round "5.28"]
[White "Loizil, Joel"]
[Black "Grego, Pierre"]
[Result "1/2-1/2"]
[WhiteElo "1814"]
[BlackElo "1870"]
[PlyCount "94"]
[EventDate "2009.08.21"]
[EventType "swiss"]
[EventRounds "9"]
[EventCountry "FRA"]

1. d4 Nf6 2. Nf3 g6 3. e3 Bg7 4. c4 O-O 5. Nc3 d6 6. Be2 Nbd7 7. O-O c6 8. e4
Qc7 9. h3 e5 10. Be3 Re8 11. Qc2 Nf8 12. dxe5 dxe5 13. Rfd1 Be6 14. b3 Nh5 15.
Nh2 Nf4 16. Bg4 h5 17. Bxe6 N4xe6 18. Rd2 Nd4 19. Qd1 Nfe6 20. Nf3 Rad8 21. Ng5
Qa5 22. Nxe6 Nxe6 23. Rc1 Rxd2 24. Qxd2 Rd8 25. Qb2 Bf8 26. Nb1 Nd4 27. a3 Qc7
28. b4 Qe7 29. Nc3 Bg7 30. Kf1 Bf6 31. Rd1 Bg5 32. Bxg5 Qxg5 33. Qd2 Qxd2 34.
Rxd2 Kf8 35. Ne2 Ne6 36. Rxd8+ Nxd8 37. Ke1 Ke7 38. Kd2 b6 39. Ke3 Ne6 40. h4
Kd6 41. g3 a6 42. f4 f6 43. f5 Nf8 44. Nc3 Kd7 45. Na4 Kc7 46. c5 b5 47. Nc3
Kd7 1/2-1/2

[Event "2ème Open International de Haute-Bretag"]
[Site "Rennes"]
[Date "2009.??.??"]
[Round "5.29"]
[White "Mevel, Mael"]
[Black "Crahan, Alan"]
[Result "1-0"]
[WhiteElo "1800"]
[BlackElo "1867"]
[PlyCount "63"]
[EventDate "2009.08.21"]
[EventType "swiss"]
[EventRounds "9"]
[EventCountry "FRA"]

1. e4 Nf6 2. e5 Nd5 3. d4 d6 4. Nf3 dxe5 5. Nxe5 Nd7 6. Nxf7 Kxf7 7. Qh5+ Ke6
8. g3 N7f6 9. Bh3+ Kd6 10. Qe5+ Kc6 11. Bg2 Kb6 12. c4 e6 13. cxd5 exd5 14. O-O
Qd6 15. Qe2 a6 16. Bf4 Qb4 17. Rc1 c6 18. Rc3 Ka7 19. Rb3 Qa5 20. Nc3 Bg4 21.
Qd2 Qd8 22. Na4 Nd7 23. Rc1 h5 24. Bf1 Rc8 25. Nc5 b5 26. a4 Bxc5 27. dxc5 Nf6
28. axb5 cxb5 29. c6 d4 30. Bxb5 Qd5 31. Qa5 Rxc6 32. Rxc6 1-0

[Event "2ème Open International de Haute-Bretag"]
[Site "Rennes"]
[Date "2009.??.??"]
[Round "5.30"]
[White "Guisset, Philippe"]
[Black "Ledent, Philippe"]
[Result "1/2-1/2"]
[WhiteElo "1985"]
[BlackElo "1857"]
[PlyCount "45"]
[EventDate "2009.08.21"]
[EventType "swiss"]
[EventRounds "9"]
[EventCountry "FRA"]

1. c4 Nf6 2. g3 c6 3. Nf3 e6 4. Bg2 d5 5. b3 Be7 6. O-O O-O 7. Bb2 Nbd7 8. d3
b6 9. Nbd2 Bb7 10. Rc1 Rc8 11. a3 h6 12. Re1 c5 13. e3 Rc7 14. Qc2 Ne8 15. cxd5
exd5 16. Qb1 Bf6 17. d4 Nd6 18. Bf1 Re8 19. dxc5 bxc5 20. b4 Bxb2 21. Qxb2 c4
22. Nd4 Nf6 23. Bh3 1/2-1/2

[Event "2ème Open International de Haute-Bretag"]
[Site "Rennes"]
[Date "2009.??.??"]
[Round "5.32"]
[White "Sinnas, Albert"]
[Black "Le Meur, Jean Pierre"]
[Result "0-1"]
[WhiteElo "1836"]
[BlackElo "1942"]
[PlyCount "120"]
[EventDate "2009.08.21"]
[EventType "swiss"]
[EventRounds "9"]
[EventCountry "FRA"]

1. d4 Nf6 2. Nf3 d5 3. g3 e6 4. Bg2 Be7 5. O-O O-O 6. c4 Nbd7 7. Nc3 c6 8. b3
Re8 9. Bb2 Bd6 10. Rc1 Qa5 11. a3 Qd8 12. b4 Qe7 13. Qb3 Nf8 14. Rfd1 Ng6 15.
Nd2 h5 16. e4 dxe4 17. Ndxe4 Nxe4 18. Nxe4 Bb8 19. d5 exd5 20. cxd5 cxd5 21.
Qxd5 Be5 22. Bxe5 Nxe5 23. Nd6 Rf8 24. Nxc8 Raxc8 25. Qxb7 Rxc1 26. Qxe7 Rxd1+
27. Bf1 Nf3+ 28. Kg2 Ne1+ 29. Kh3 Nc2 30. Qe2 Re1 31. Qxc2 Rxf1 32. Qc5 a6 33.
Kg2 Ra1 34. Qc3 Rd1 35. Qc4 Rd6 36. a4 Rfd8 37. b5 Rd4 38. Qc2 Rd2 39. Qc6 R2d6
40. Qb7 R8d7 41. Qc8+ Rd8 42. Qc7 R6d7 43. Qa5 axb5 44. axb5 Rb8 45. b6 g6 46.
Qc3 Rdb7 47. Qd4 Rxb6 48. Qc5 Rb2 49. h4 Re8 50. Qd4 Ree2 51. Qd8+ Kh7 52. Qf6
Rxf2+ 53. Qxf2 Rxf2+ 54. Kxf2 Kg7 55. Kf3 Kf6 56. g4 Ke5 57. gxh5 gxh5 58. Ke3
Kf5 59. Kf3 f6 60. Kg3 Ke4 0-1

[Event "2ème Open International de Haute-Bretag"]
[Site "Rennes"]
[Date "2009.??.??"]
[Round "5.33"]
[White "Castel, Efflam"]
[Black "Lezot, Pierre"]
[Result "1-0"]
[WhiteElo "1927"]
[BlackElo "1744"]
[PlyCount "63"]
[EventDate "2009.08.21"]
[EventType "swiss"]
[EventRounds "9"]
[EventCountry "FRA"]

1. e4 c5 2. Nf3 Nc6 3. d4 cxd4 4. Nxd4 Nxd4 5. Qxd4 Qc7 6. Nc3 e5 7. Qc4 Qxc4
8. Bxc4 Bb4 9. Bd2 Bxc3 10. Bxc3 f6 11. O-O-O Rb8 12. Rd6 b5 13. Bb3 b4 14. Bd2
Ne7 15. Be3 a5 16. Rhd1 f5 17. f3 f4 18. Bf2 Rf8 19. Bb6 Nc6 20. Bf2 Ne7 21.
Bh4 h6 22. Bxe7 Kxe7 23. Rg6 Rf7 24. Bxf7 Kxf7 25. Rgd6 Rb7 26. R6d5 a4 27.
Rxe5 g5 28. Ra5 b3 29. Rxa4 bxc2 30. Kxc2 Rc7+ 31. Kb1 Ke7 32. Rc1 1-0